000 00472nam a2200181 a 4500
001 1758436810661
003 YourLibrary
005 20250921121126.0
008 250921s2005##################000#0#eng##
020 _a9780879698102
082 0 4 _a572.87
_bLAN
100 1 _aDeLange, Titia,
_eauthor.
245 1 0 _aTelomeres :
260 _bCold Spring Harbor Monograph Series,
_c2005.
650 0 _aTelomere.
942 _cENGLISH
040 _aYourLibrary
_beng
_cYourLibrary
999 _c588495
_d588495